书目信息 |
| 题名: |
轻松听 轻松说--中国科学院研究生英语听说
|
|
| 作者: | 张文芝 主编 | |
| 分册: | ||
| 出版信息: | 北京 北京理工大学出版社 2006.08 |
|
| 页数: | 133页 | |
| 开本: | 20cm | |
| 丛书名: | ||
| 单 册: | ||
| 中图分类: | H319.3 | |
| 科图分类: | ||
| 主题词: | 英语 | |
| 电子资源: | ||
| ISBN: | 7-5640-0746-X | |
| 000 | 00616nam0 2200217 45 | |
| 001 | 0948495171 | |
| 005 | 20091015133007.60 | |
| 010 | @a7-5640-0746-X@dCNY20.00 | |
| 100 | @a20090515d2006 ekmy0 y0120 ea | |
| 102 | @aCN@b130000 | |
| 102 | @aCN@b110000 | |
| 105 | @ay z 000yy | |
| 200 | 1 | @a轻松听 轻松说--中国科学院研究生英语听说@f张文芝等主编@Fzhang wen zhi deng zhu bian |
| 210 | @a北京@c北京理工大学出版社@d2006.08 | |
| 215 | @a133页@d20cm | |
| 606 | 0 | @a英语 |
| 690 | @aH319.3@v4 | |
| 701 | 0 | @a张文芝@Azhang wen zhi@4主编 |
| 801 | 0 | @aCN@c20091015 |
| 905 | @a10447@dH319.3@eZ190:1 | |
| 906 | @d20@n3@r1 | |
| 轻松听 轻松说--中国科学院研究生英语听说/张文芝等主编.-北京:北京理工大学出版社,2006.08 |
| 133页;20cm |
| ISBN 7-5640-0746-X:CNY20.00 |
| ● |
| 相关链接 |
|
|
|
正题名:轻松听 轻松说--中国科学院研究生英语听说
索取号:H319.3/Z190:1
 
预约/预借
| 序号 | 登录号 | 条形码 | 馆藏地/架位号 | 状态 | 备注 |
| 1 | 892047 | 208920471 | 语言库209/209语言库 113排1列5层/ [索取号:H319.3/Z190:1] | 在馆 | |
| 2 | 892048 | 208920480 | 语言库209/209语言库 113排1列5层/ [索取号:H319.3/Z190:1] | 在馆 | |
| 3 | 892049 | 208920499 | 语言库209/209语言库 113排1列5层/ [索取号:H319.3/Z190:1] | 在馆 |